Plants, genes, and crop biotechnology

Gespeichert in:
Bibliographische Detailangaben
1. Verfasser: Chrispeels, Maarten J
Weitere Verfasser: Sadava, David E
Format: Buch
Sprache:Englisch
Veröffentlicht: Sudbury Jones and Bartlett 2003
Ausgabe:Segunda edición
Schlagworte:
Tags: Tag hinzufügen
Keine Tags, Fügen Sie den ersten Tag hinzu!

MARC

LEADER 00000nam a2200000 a 4500
001 UCL0386
003 CL-VaPUC
005 20250224123402.0
008 030711e20030000US |||||||||||||||||eng|d
999 |c 304259  |d 304257 
020 |a 0763715867 
040 |c Pontificia Universidad Católica de Valparaíso 
082 0 4 |a 363.8 CHR 2003  |2 21 
100 0 |a Chrispeels, Maarten J  |9 477064 
245 1 0 |a Plants, genes, and crop biotechnology 
250 |a Segunda edición 
260 0 3 |a Sudbury  |b Jones and Bartlett  |c 2003 
300 |a 562 páginas 
583 |a last modification  |c 20030711 00:00:00  |k Rodrigo Vera 
650 0 |a Semillas   |9 264396 
650 0 |a Ingeniería genética  |9 263020 
650 0 |a Biotecnología vegetal  |9 441679 
700 0 |a Sadava, David E  |9 477065 
942 |c BK  |2 ddc 
945 |d 20030711 00:00:00  |a cmena 
952 |0 0  |1 0  |2 ddc  |4 0  |6 363_800000000000000_CHR_2003  |7 0  |8 A  |9 366226  |a BIBAGR  |b BIBAGR  |d 2019-11-21  |i 3914380  |o 363.8 CHR 2003  |p 3914380  |r 2024-01-30  |t 2  |w 2019-11-21  |y BK  |k AGR 
952 |0 0  |1 0  |2 ddc  |4 0  |6 363_800000000000000_CHR_2003  |7 0  |8 A  |9 366227  |a BIBCUR  |b BIBCUR  |d 2019-11-21  |i 392100K  |o 363.8 CHR 2003  |p 392100K  |r 2025-04-22  |t 1  |w 2019-11-21  |y BK  |k BIO